Campeones de Tenis de Feminino - Estadísticas

Estadísticas generales
  • Esta prueba ha sido intentada 182 veces
  • La puntuación promedio es 14 de 50
Estadísticas de respuestas
# Player % Correcto
23 Serena Williams
99%
7 Venus Williams
93%
5 Maria Sharapova
72%
22 Steffi Graf
68%
2 Garbiñe Muguruza
63%
18 Martina Navratilova
63%
9 Monica Seles
54%
4 Arantxa Sanchez Vicario
47%
1 Conchita Martinez
46%
1 Naomi Osaka
46%
5 Martina Hingis
44%
7 Justine Henin
40%
1 Simona Halep
40%
8 Billie Jean King
38%
1 Gabriela Sabatini
37%
2 Victoria Azarenka
35%
18 Chris Evert
34%
11 Margaret Court
34%
3 Angelique Kerber
33%
1 Caroline Wozniacki
33%
4 Kim Clijsters
33%
1 Jeļena Ostapenko
27%
2 Li Na
25%
1 Ana Ivanovic
24%
2 Amelie Mauresmo
23%
1 Flavia Pennetta
23%
2 Petra Kvitova
22%
3 Jennifer Capriati
20%
3 Lindsay Davenport
20%
1 Sloane Stephens
19%
1 Marion Bartoli
18%
1 Samantha Stosur
17%
2 Mary Pierce
16%
2 Svetlana Kuznetsova
16%
7 Evonne Goolagong
13%
1 Francesca Schiavone
11%
1 Jana Novotna
7%
1 Anastasia Myskina
5%
4 Hana Mandlikova
5%
1 Iva Majoli
5%
2 Tracy Austin
4%
3 Virginia Wade
4%
1 Virginia Ruzici
2%
1 Ann Haydon Jones
1%
1 Barbara Jordan
1%
1 Chris O'Neil
1%
1 Kerry Melville Reid
1%
1 Mima Jausovec
1%
1 Nancy Richey
1%
1 Sue Barker
1%
No se encontraron pruebas coincidentes
Distribución de puntuación
Porcentaje de gente con cada puntuación
Porcentaje por número respondido
Historial de tus puntuaciones
No has intentado esta prueba.